[Event "Titled Tuesday intern op 23rd Mar"]
[Site "Chess.com INT"]
[Date "2021.03.23"]
[Round "10"]
[White "Aghayev, Miragha"]
[Black "Antonio, Jorge Carlos"]
[Result "1-0"]
[WhiteElo "2392"]
[BlackElo "2277"]
[PlyCount "97"]
[EventDate "2021.03.23"]
[EventType "swiss (blitz)"]
[EventRounds "11"]
[EventCountry "USA"]
[SourceTitle "CBM 201 Extra"]
[Source "ChessBase"]
[SourceDate "2021.05.31"]
[SourceVersion "1"]
[SourceVersionDate "2021.05.31"]
[SourceQuality "1"]

1. Nc3 d5 2. d4 c6 3. e4 dxe4 4. Nxe4 Nf6 5. Nxf6+ exf6 6. Nf3 Bd6 7. Be2 0-0 8. 0-0 Re8 9. Be3 Nd7 10. c4 Nf8 11. h3 Ng6 12. Re1 Bf4 13. Bxf4 Nxf4 14. Bf1 Rxe1 15. Qxe1 Bf5 16. Qe3 Ng6 17. Re1 h6 18. Qb3 b6 19. Bd3 Bxd3 20. Qxd3 Qd7 21. Qe3 Rd8 22. b3 Nf8 23. Qe7 Qxe7 24. Rxe7 a6 25. Ra7 a5 26. Rb7 Ne6 27. Rxb6 Nxd4 28. Nxd4 Rxd4 29. Rxc6 Rd2 30. Ra6 Rxa2 31. b4 Ra4 32. Rxa5 Rxb4 33. Rc5 Rb1+ 34. Kh2 Kh7 35. Rc8 Rc1 36. c5 Kg6 37. g4 f5 38. c6 fxg4 39. hxg4 Kg5 40. Kg3 Rc3+ 41. f3 f5 42. gxf5 Kxf5 43. c7 Kg6 44. Kf2 h5 45. f4 h4 46. f5+ Kg5 47. f6 Kg6 48. Kg2 Kg5 49. fxg7 1-0

[Event "Titled Tuesday intern op 23rd Mar"]
[Site "Chess.com INT"]
[Date "2021.03.23"]
[Round "7"]
[White "Aghayev, Miragha"]
[Black "Sikorova, Olga"]
[Result "0-1"]
[WhiteElo "2392"]
[BlackElo "2215"]
[PlyCount "86"]
[EventDate "2021.03.23"]
[EventType "swiss (blitz)"]
[EventRounds "11"]
[EventCountry "USA"]
[SourceTitle "CBM 201 Extra"]
[Source "ChessBase"]
[SourceDate "2021.05.31"]
[SourceVersion "1"]
[SourceVersionDate "2021.05.31"]
[SourceQuality "1"]

1. c4 g6 2. Nc3 Bg7 3. e4 d6 4. d4 Nf6 5. Be3 0-0 6. Be2 e5 7. d5 Nbd7 8. g4 a5 9. h4 Nc5 10. Bf3 Ne8 11. h5 gxh5 12. Rxh5 c6 13. Qc2 Nf6 14. Rh4 Nxd5 15. Bxc5 Qxh4 16. Bxd6 Nb4 17. Bxb4 axb4 18. Nce2 Bh6 19. b3 Bxg4 20. Rd1 Bxf3 21. Nxf3 Qh1+ 22. Neg1 Rad8 23. Ke2 Qh5 24. Rd3 Qg6 25. Rxd8 Rxd8 26. Kf1 Bf4 27. Ne2 Qh5 28. Neg1 c5 29. Qe2 Bh2 30. Kg2 Bf4 31. Kf1 Qg6 32. Nh4 Qd6 33. Qg4+ Kh8 34. Ngf3 Qd1+ 35. Kg2 Rg8 36. Qxg8+ Kxg8 37. Kh3 Qf1+ 38. Kg4 Qxf2 39. Kf5 Qxa2 40. Kg4 Qxb3 41. Nf5 Qxc4 42. Ne7+ Kf8 43. Kf5 Qe6# 0-1